Statistics for Top 10 Countries in the Past 10 Summer Olympics (by Gold Medals)

Click here to take the quiz!

General Stats

  • This quiz has been taken 1,275 times
    (572 since last reset)
  • The average score is 19 of 25

Answer Stats

Team% Correct
United States
100%
China
99%
Great Britain
98%
France
97%
Germany
97%
Japan
96%
ROC
95%
Russia
95%
Italy
94%
Spain
94%
Australia
93%
Canada
90%
South Korea
89%
Soviet Union
74%
Netherlands
72%
Hungary
57%
New Zealand
56%
Romania
55%
East Germany
54%
Ukraine
50%
Yugoslavia
50%
West Germany
44%
Cuba
43%
Bulgaria
42%
Unified Team
21%

Score Distribution

Percentile by Number Answered

Percent of People with Each Score

Your Score History

You have not taken this quiz since the last reset